000 00583nam a2200205 i 4500
001 71898
003 ES-MaACL
005 20230906171250.0
007 t|
008 040820s1964 sp ||||1| spa d
100 1 _aGiese, Hans.
_956692
245 1 0 _aPsicopatología de la sexualidad /
_cGiese y Gebsattel.
250 _a1ª ed.
260 _aMadrid :
_bMorata,
_c[1964]
300 _a579 p. ;
_c25 cm.
650 4 _aSexualidad.
_917078
650 4 _aPsicopatología.
_916577
700 1 _aGebsattel, Viktor Emil
_cFreiherr von.
_9143597
852 _aES-MaACL
_jC-24766
_bR.53426
999 _c71898
_d71898